Регионална библиотека "Любен Каравелов" - Русе

Погребението на Кастро (Запис номер 133133)

MARC детайли
000 -Лидер
Контролно поле с фиксирана дължина 01676nam a2200409 c 4500
003 - Код на организацията, давaща контролен номер
Контролно поле BLK
005 - Дата и час на последна редакция
Контролно поле 20200822093027.0
008 - Елементи от данни с фиксирана дължина
fixed length control field 180409b bul|||||r ||||||| ||bul||
010 ## - Наследен системен номер
LC control number KNG00139023000
020 ## - Международен стандартен номер на книга ISBN
Международен стандартен номер на книга ISBN 978-619-150-091-8
-- издат.: Колибри
040 ## - Източник на каталожния запис
Идентификатор на билиотеката - собственик на записа BLK
041 ## - Код за език
Код за езика на текст/звукозапис или на отделно заглавие Български
Код за езика КДБФ Български
072 #7 - Код за тематичната категория
Код организация bullib
Код за тематична категория Н32
Текст Политика Н
080 ## - УДК
Текстов определител УДК Вътрешна политика. Вж и 329
УДК код - определител по УДК 323
УДК определител (729.1)(0:82-4)
УДК - код + определител 323(729.1)(0:82-4)
080 ## - УДК
Текстов определител УДК Испанска литература
УДК код - определител по УДК 821.134.2
УДК определител -4
УДК - код + определител 821.134.2-4
100 1# - Редна дума - Автор
Автор Ботин, Висенте
Авторска отговорност първи автор
R(LIN) 42126
139 ## - Редно поле
Редна дума Ботин, Висенте
Авторски знак Ботев, Хр. - Б 70
245 10 - Сведения за заглавието
Заглавие Погребението на Кастро
Редно поле (дума) Висенте Ботин; прев. Захари Стефанов Омайников; прев. Даниела Радичкова; прев. Елена Дамянова.
257 ## - Страна на издаване
Страна на създаване/издаване Испания
260 ## - Област на издателските данни
-- София
Име на издателя, разпространителя и проч. Колибри
Година на издаване 2012
Печатница София : Симолини
300 ## - Физическа характеристика
Страници 392 с.
Размери/Мащаб 21 см
380 ## - Жанр
Жанр Обществени науки
500 ## - Общи забележки
Забележка Ориг. загл. Los funerales de Castro / Vicente Botin.
650 #4 - Допълнително описание по предмет – тема
Основно описание – тема или топоним Куба - политика
9 (RLIN) 295491
651 #4 - Допълнително описание по предмет - топоним
Географско понятие Куба
9 (RLIN) 272036
653 ## - Ключова дума – ненормативна
Ключова дума Куба
653 ## - Ключова дума – ненормативна
Ключова дума вътрешна политика
659 ## - Тематичен бюлетин
Тематичен бюлетин Н
700 1# - Други автори (авторска отговорност)
Лично име Омайников, Захари Стефанов
Автороска отговорност (Описва отношението между автора и произведението) прев.
9 (RLIN) 364697
700 1# - Други автори (авторска отговорност)
Лично име Радичкова, Даниела
Автороска отговорност (Описва отношението между автора и произведението) прев.
9 (RLIN) 323625
700 1# - Други автори (авторска отговорност)
Лично име Дамянова, Елена
Автороска отговорност (Описва отношението между автора и произведението) прев.
9 (RLIN) 305770
852 ## - Местоположение
Форматна сигнатура Цб 258146
856 4# - Електронен адрес и достъп
Електронен формат pdf - файл
Път до файла /url/
856 4# - Електронен адрес и достъп
Електронен формат pdf - файл
Път до файла /url/
942 ## - АРТИКУЛИ
Вид на библиотечния материал Книги
Скрит в OPAC Не
Koha issues (borrowed), all copies 2
944 ## - СЪЗДАВАНЕ И РЕДАКЦИЯ на ЗАПИСА
Създаване/Редакция Създаване
Дата на регистрацията/редакция 06.02.2013
Статус, дата на статуса ф /
Служител, извършил регистрацията/редакцията Людмила_Стоянова
944 ## - СЪЗДАВАНЕ И РЕДАКЦИЯ на ЗАПИСА
Създаване/Редакция Редакция
Дата на регистрацията/редакция 11.11.2014
Статус, дата на статуса ф /
Служител, извършил регистрацията/редакцията Пенка_Димитрова
999 ## - СИСТЕМНИ КОНТРОЛНИ НОМЕРА
Koha biblionumber 133133
Koha biblioitemnumber 133133
Наличности
Код за отписване Код за изгубен артикул Код за повреда Коз за рестрикции Код за отдаване Артикулен № Име на библиотеката - собственик Име на библиотеката, в която се намира в момента Статус (Текущо местоположение) Дата на вписване в системата Местоположение - отдел Цена в лева Инвентарен номер Систематично азбучна сигнатура Баркод Номер на екземпляра Цена в евро Служебна бележка Служебен тип на артикула
  Не е изгубен Не е повреден без рестрикции заемане за дома 217126 Регионална библиотека "Любен Каравелов" Русе Регионална библиотека "Любен Каравелов" Русе Заемна - подръчен фонд 2013-02-07 Заемна - подръчен фонд 16.00 120000763473 П 323(7)/Б 70 120000763473 1 8.18 Дост: DA Вид: А N: 1 Дата: 07.02.2013 Дата инв: 02.02.2018 Бележки инв: П2018 Книги
  Не е изгубен Не е повреден без рестрикции ползва се в читалня 217127 Регионална библиотека "Любен Каравелов" Русе Регионална библиотека "Любен Каравелов" Русе Хранилище 2014-11-11 Хранилище 16.00 120000782110 Цб 258146 120000782110 2 8.18 Дост: Dp Вид: Д N: 7 Дата: 05.02.2014 Книги
Vip Innovations Ltd, Rousse, Bulgaria 2025